[Event "Hochsauerland-ch U14"]
[Site "Foeckinghausen"]
[Date "2003.01.05"]
[Round "4"]
[White "Heuel Bonrath, Vanessa"]
[Black "Middel, Florian"]
[Result "1-0"]
[WhiteElo "1178"]
[BlackElo "1110"]
[PlyCount "53"]
[EventDate "2003.01.??"]
[EventType "swiss"]
[EventRounds "5"]
[EventCountry "GER"]
[SourceTitle "EXT 2005"]
[Source "ChessBase"]
[SourceDate "2004.11.15"]
[SourceVersion "1"]
[SourceVersionDate "2004.11.15"]
[SourceQuality "1"]

1. e4 e5 2. d4 Nc6 3. d5 Bb4+ 4. c3 Nf6 5. dxc6 bxc6 6. cxb4 Nxe4 7. Qg4 d5 8. Qxg7 Rf8 9. Qxe5+ Be6 10. Bh6 f6 11. Qxe6+ Qe7 12. Qxc6+ Kf7 13. Bxf8 Qxf8 14. Qxd5+ Kg7 15. Qxe4 Rd8 16. Nf3 Qd6 17. Nbd2 c6 18. Qg4+ Kf7 19. Qh5+ Kg7 20. Qg4+ Kf8 21. Ne4 Qxb4+ 22. Nfd2 Qxb2 23. Rb1 Qxa2 24. Bc4 Qa3 25. Qg8+ Ke7 26. Qe6+ Kf8 27. Qf7# 1-0

[Event "Hochsauerland-ch U14"]
[Site "Foeckinghausen"]
[Date "2003.01.05"]
[Round "5"]
[White "Te Pahs, Lukas"]
[Black "Middel, Florian"]
[Result "0-1"]
[WhiteElo "1151"]
[BlackElo "1110"]
[PlyCount "27"]
[EventDate "2003.01.??"]
[EventType "swiss"]
[EventRounds "5"]
[EventCountry "GER"]
[SourceTitle "EXT 2005"]
[Source "ChessBase"]
[SourceDate "2004.11.15"]
[SourceVersion "1"]
[SourceVersionDate "2004.11.15"]
[SourceQuality "1"]

1. e4 e5 2. Nf3 Bd6 3. Bc4 Nf6 4. Nc3 Bc5 5. d3 Ng4 6. Nd5 Nxf2 7. Qd2 Nxh1 8. Qg5 Qxg5 9. Nxg5 Bf2+ 10. Kd1 Na6 11. Bxa6 0-0 12. Nxc7 Rb8 13. Bd2 bxa6 14. Rb1 0-1